| 000 | 01059nam a22002057a 4500 | ||
|---|---|---|---|
| 005 | 20240813150140.0 | ||
| 010 | _aHIN-128064 | ||
| 020 |
_c195.00 _a9788184157482 |
||
| 020 |
_c195.00 _a9789390607303 |
||
| 035 | _aHN-100410 | ||
| 037 | _bDBAD | ||
| 082 | _a158.1 | ||
| 100 |
_aतेजपारखी, सरश्री _969945 |
||
| 245 |
_aAMSY: _bद पॉवर बियोंड योअर सब्कोंशियस माइंड/ _cसरश्री तेजपारखी |
||
| 260 |
_aमुंबई _bवोव पब्लिशिन्ग्ज़ प्रा. लि. , पुणे _c2022 |
||
| 270 |
_aविक्रांत कोम्प्लेक्स , तपोचन मंदिर के नजदीक , पिंपरी , _bपुणे _e411024 |
||
| 300 |
_a176 पृ. _c22 सेमी (अजिल्द) |
||
| 500 | _aहर लाइलाज समस्या का इलाज आपके अंदर है | ||
| 942 |
_2ddc _cHN _h158.1 _mसरश्री |
||
| 999 |
_c204569 _d204569 |
||